000 00727cam a2200241 a 4500
001 2332653
003 OSt
005 20240625100811.0
008 820719s1983 enka b 001 0 eng
020 _a0521222834
020 _a0521294347
040 _aDDC
_cMUST
082 0 0 _a595.1 SMY 1983
_219
100 1 _aSmyth, J. D. Halton, D. W.
_917747
245 1 4 _aThe physiology of trematodes /
_cJ.D. Smyth and D.W. Halton.
250 _a2nd ed.
260 _aCambridge ;
_aNew York :
_bCambridge University Press,
_c1983.
300 _a446 p. :
_bill. ;
_c24 cm.
504 _aBibliography: Includes index.
650 0 _aTrematoda
_xPhysiology.
_917748
650 0 _aPlatyhelminthes
_xPhysiology.
_917749
942 _2ddc
_cO_SHELF
999 _c8782
_d8782